LEADER 00875nam0-22003131i-450- 001 990000026560403321 035 $a000002656 035 $aFED01000002656 035 $a(Aleph)000002656FED01 035 $a000002656 100 $a20011111d--------km-y0itay50------ba 101 0 $aita 105 $ay-------001yy 200 1 $aCoal science$easpects of coal costitution$fD. W. van Krevelen , J. Schuyer. 210 $aAmsterdam$cElsevier publishing company$d1957 215 $aXII, 352 p.$cill.$d23 cm 610 0 $aCarboni 610 0 $aChimica industriale 676 $a662.62 700 1$aKrevelen,$bD. W. van$02050 702 1$aSchuyer,$bJohannes 801 0$aIT$bUNINA$gRICA$2UNIMARC 901 $aBK 912 $a990000026560403321 952 $a13 B 24 24$b22339$fFINBC 959 $aFINBC 996 $aCoal science$9107215 997 $aUNINA DB $aING01